| 000 | 00852nam a22002775i 4500 | ||
|---|---|---|---|
| 001 | 11402 | ||
| 003 | ES-MaACL | ||
| 005 | 20250801100231.0 | ||
| 007 | t| | ||
| 008 | 921125s1992 sp ||||0| spa j | ||
| 020 | _a84-7100-245-0 | ||
| 040 |
_aM-BN _bspa _cM-BN |
||
| 080 | _a9(=605) | ||
| 245 | 0 | 0 |
_aDiáspora sefardí / _cMaría Antonia Bel Bravo (coordinadora) ; Yosef Kaplan ... [et al.]. |
| 260 |
_aMadrid : _bMapfre, _cD.L. 1992. |
||
| 300 |
_a313 p ; _c23 cm. |
||
| 490 | 1 |
_aColección Sefarad ; _vXVII/6 |
|
| 500 | _aIndice. | ||
| 504 | _aBibliografía: 297-300. | ||
| 650 | 1 | 4 |
_aSefardíes- _xHistoria. _917014 |
| 700 | 1 |
_aBel Bravo, María Antonia. _927110 |
|
| 700 | 1 |
_aKaplan, Yosef. _967529 |
|
| 830 | 0 | 0 |
_aColección Sefarad _vXVII/6 _9179051 |
| 852 |
_aES-MaACL _jL-18727 _bR.124118 |
||
| 999 |
_c11402 _d11402 |
||